Guess the country 5 - Statistics

General Stats
  • This quiz has been taken 24 times
  • The average score is 9 of 16
Answer Stats
Picture Answer % Correct
United States
96%
Cyprus
91%
United Kingdom
91%
Argentina
87%
Denmark
83%
France
78%
Israel
78%
Gambia
57%
Papua New Guinea
52%
Cape Verde
35%
Estonia
30%
Singapore
30%
Switzerland
30%
Uganda
30%
San Marino
26%
Mexico
13%
No matching quizzes found
Score Distribution
Percent of People with Each Score
Percentile by Number Answered
Your Score History
You have not taken this quiz